000 00668nam a2200193Ia 4500
003 OSt
005 20240627154536.0
008 210210b1994 xxu||||| |||| 00| 0 eng d
040 _cAL
041 _aKannada
082 _a954.87K BANA
100 _aKarnataka Vishwavidyalaya
_9171822
_dಕರ್ನಾಟಕ ವಿಶ್ವವಿದ್ಯಾಲಯ
245 _aBanavasi: samagra parichaya aaru upanyasagalu.
_bಬನವಾಸಿ: ಸಮಗ್ರ ಪರಿಚಯ ಆರು ಉಪನ್ಯಾಸಗಳು
260 _aDharavada.
_bKarnataka Vishwavidyalaya.,
_c1994
300 _aiv,136
690 _aKarnataka History
_9171823
906 _a050767
942 _2ddc
_cBK
999 _c99272
_d99272